| 000 | 00620nam a22001457a 4500 | ||
|---|---|---|---|
| 020 | _a978-0-143-42158-0 | ||
| 082 |
_a823 _bDAT/O |
||
| 100 | _aDATTA,DURJOY | ||
| 245 | _aOH YES, I'M SINGLE | ||
| 260 |
_aHARYANA _bPENGUIN RANDOM HOUSE |
||
| 300 | _a245 | ||
| 520 | _aRelationships have never been his cup of tea. Even when he and Manika are attracted to each other, Joy gets into another relationship thinking she is 'the one'. And when Joy's girl walks out on him and he falls into a deep depression it is Manika who comes back into his life and nurses him to health. | ||
| 650 |
_aENGLISH-NOVEL _zINDIA |
||
| 942 | _cBK | ||
| 999 |
_c3104 _d3104 |
||